Khuvabun se haqeeqat tak / (Record no. 589725)

000 -LEADER
fixed length control field 00430nam a22001457a 4500
082 ## - DEWEY DECIMAL CLASSIFICATION NUMBER
Classification number 154.63
Author Mark VET
100 ## - MAIN ENTRY--PERSONAL NAME
Personal name Vetly, Denis
245 ## - TITLE STATEMENT
Title Khuvabun se haqeeqat tak /
Statement of responsibility, etc. Denis Vetly, Mutarjim Raja Tahir Asad
260 ## - PUBLICATION, DISTRIBUTION, ETC.
Place of publication, distribution, etc. Rawalpindi:
Name of publisher, distributor, etc. Service Book Club,
Date of publication, distribution, etc. 2012.
300 ## - PHYSICAL DESCRIPTION
Extent 170 p.
563 ## - BINDING INFORMATION
Binding note HBK
650 ## - SUBJECT ADDED ENTRY--TOPICAL TERM
Topical term or geographic name entry element Success Psychology
880 ## - ALTERNATE GRAPHIC REPRESENTATION
Linkage 245-01\(3\r
Title خوابوں سے حقیقت تک
942 ## - ADDED ENTRY ELEMENTS (KOHA)
Source of classification or shelving scheme
Koha item type Book
650 ## - SUBJECT ADDED ENTRY--TOPICAL TERM
-- 91595
Holdings
Withdrawn status Lost status Source of classification or shelving scheme Damaged status Not for loan Permanent Location Current Location Shelving location Date acquired Total Checkouts Full call number Barcode Date last seen Price effective from Koha item type Materials specified (bound volume or other part) Source of acquisition Total Renewals Date last checked out
          Central Library (CL) Central Library (CL) Psychology 05/16/2022   154.63 VET CL3249 05/16/2022 05/16/2022 Book        
          Central Library (CL) Central Library (CL)   06/26/2024 2 154.63 VET CL-D-2623 12/05/2025 06/26/2024 Book Donated by Mr. Faizan Mansoor BEE-13 C SEECS 2021 Donation 1 09/20/2025
© 2023 Central Library, National University of Sciences and Technology. All Rights Reserved.